Del cuaderno de bitácora / (Record no. 180880)

MARC details
000 -LEADER
campo de control de longitud fija 00920nam a2200265 i 4500
001 - NÚMERO DE CONTROL
campo de control 180880
003 - IDENTIFICADOR DE NÚMERO DE CONTROL
campo de control ES-MaACL
005 - FECHA Y HORA DE LA ÚLTIMA TRANSACCIÓN
campo de control 20250827052408.0
008 - DATOS DE LONGITUD FIJA--INFORMACIÓN GENERAL
campo de control de longitud fija 120806s2008 sp aco |||| |bspa d
020 ## - NÚMERO INTERNACIONAL ESTÁNDAR DEL LIBRO
Número Internacional Estándar del Libro 978-84-95349-76-7
080 ## - NÚMERO DE LA CLASIFICACIÓN DECIMAL UNIVERSAL
Número de la Clasificación Decimal Universal 929:656.614Ventura Torres, Arturo
080 ## - NÚMERO DE LA CLASIFICACIÓN DECIMAL UNIVERSAL
Número de la Clasificación Decimal Universal 379.85
100 1# - ENTRADA PRINCIPAL--NOMBRE DE PERSONA
Nombre de persona Ventura Torres, Arturo.
9 (RLIN) 151238
245 10 - MENCIÓN DEL TÍTULO
Título Del cuaderno de bitácora /
Mención de responsabilidad, etc. Arturo Ventura Torres.
260 ## - PUBLICACIÓN, DISTRIBUCIÓN, ETC.
Lugar de publicación, distribución, etc. Zaragoza :
Nombre del editor, distribuidor, etc. Aneto Publicaciones,
Fecha de publicación, distribución, etc. [2008]
300 ## - DESCRIPCIÓN FÍSICA
Extensión 328 p. :
Otras características físicas il., fot. ;
Dimensiones 24 cm.
500 ## - NOTA GENERAL
Nota general Diccionario marinero: p. 94-96.
600 14 - PUNTO DE ACCESO ADICIONAL DE MATERIA--NOMBRE DE PERSONA
Nombre de persona Ventura Torres, Arturo.
9 (RLIN) 151238
650 07 - PUNTO DE ACCESO ADICIONAL DE MATERIA--TÉRMINO DE MATERIA
Término de materia o nombre geográfico como elemento de entrada Viajes
Fuente del encabezamiento o término embne
9 (RLIN) 17778
650 07 - PUNTO DE ACCESO ADICIONAL DE MATERIA--TÉRMINO DE MATERIA
Término de materia o nombre geográfico como elemento de entrada Viajes por mar
Fuente del encabezamiento o término embne
9 (RLIN) 17784
852 ## - LOCALIZACIÓN
Ubicación ES-MaACL
Número de control de estantería A-12158
itemnumber 187757
Sublocalización o colección R.147080
Ubicación en estantería Depósito 1
Signatura antigua Olim: N-5163
Encuadernación Donación: Arturo Ventura Torres
903 ## - NOMBRE PERSONAL DE DONANTE
9 151238
a Ventura Torres, Arturo
e Donante
942 ## - ELEMENTOS DE ENTRADA SECUNDARIOS (KOHA)
Fuente del sistema de clasificación o colocación Clasificación decimal universal
Tipo de ítem Koha Libro impreso
Holdings
Estatus retirado Estado de pérdida Fuente del sistema de clasificación o colocación Estado de daño No para préstamo Biblioteca de origen Biblioteca actual Ubicación en estantería Fecha de adquisición Fuente de adquisición Total de préstamos Signatura topográfica completa Código de barras Visto por última vez Precio de reemplazo Tipo de ítem Koha
    Clasificación decimal universal     Biblioteca del Ateneo de Madrid Biblioteca del Ateneo de Madrid Depósito 1 06/08/2012 Donación   A-12158 1190072 23/02/2023 23/02/2023 Libro impreso